000 02238nam a2200409 c 4500
003 BLK
005 20231104114214.0
008 180408b bul|||||r ||||||| ||bul||
010 _aKNG00094416000
020 _a978-954-9412-09-3
_bиздат.: Бит и техника
040 _aBLK
041 _aBUL
_cBUL
080 _aСпециално обучение като елемент на общообразователното обучение - Обучение по техника, домакинство, селско стопанство и др.
_b373.6
_x(075.2)
_z373.6(075.2)
100 1 _aНиколова, Тодорка Николова
_eпърви автор
_9364727
700 1 _aРухов, Живко Иванов
_eхудож.
_9117895
700 1 _aГърневска, Силвия Маркова
_e*
_9303701
700 1 _aАнаниева, Светла Костова
_e*
_9303702
700 1 _aАнаниев, Валентин Георгиев
_e*
_9303703
139 _aДомашен бит и техника за ІІ клас
_bД 76
245 1 0 _aДомашен бит и техника за ІІ клас
_cТодорка Николова Николова; худож. Живко Иванов Рухов; * Силвия Маркова Гърневска; * Светла Костова Ананиева; * Валентин Георгиев Ананиев.
250 _a2. изд.
257 _aBGR
260 Варна
_bБит и техника
_c2007
_fВарна : Ателие'89
300 _a36 с.
_bс цв. ил.
_c29 см
380 _a3
500 _a1. изд. 2003. - Други авт. С. М. Гърневска, Св. К. Ананиева, В. Г. Ананиев. - Доп. тир. 2013.
650 4 _aТрудово обучение - учебници за основни училища
_9246771
653 _aтрудово обучение
653 _aучебници за основни училища
653 _aІІ кл.
852 _aЦб ІІ 15992
856 4 _qpdf
_u
856 4 _qpdf
_u
942 _cKNG
_n0
_03
944 _aCR
_c16.02.2010
_lИва Цветкова
_k30543
944 _aED
_c25.11.2015
_lф /
_kВиолета_Тройчева
999 _c89715
_d89715